Father to the fatherless : (Record no. 13835)

MARC details
000 -LEADER
fixed length control field 00812nam a22002532 4500
001 - CONTROL NUMBER
control field 0000021467
005 - DATE AND TIME OF LATEST TRANSACTION
control field 20151217155910.0
008 - FIXED-LENGTH DATA ELEMENTS--GENERAL INFORMATION
fixed length control field 120523s xx 000 0 eng d
020 ## - INTERNATIONAL STANDARD BOOK NUMBER
International Standard Book Number 18972213026 :
040 ## - CATALOGING SOURCE
Original cataloging agency KABU
Transcribing agency KABU
100 1# - MAIN ENTRY--PERSONAL NAME
Personal name Boge, Paul H.
-- 0000182355
245 10 - TITLE STATEMENT
Title Father to the fatherless :
Remainder of title the Charles Mulli story /
Statement of responsibility, etc. Paul H. Boge.
250 ## - EDITION STATEMENT
Edition statement 1st ed.
260 ## - PUBLICATION, DISTRIBUTION, ETC. (IMPRINT)
Place of publication, distribution, etc. Ontario :
Name of publisher, distributor, etc. BayRidge,
Date of publication, distribution, etc. 2005.
300 ## - PHYSICAL DESCRIPTION
Extent 239 p.
600 10 - SUBJECT ADDED ENTRY--PERSONAL NAME
Personal name Mulli, Charles.
-- 0000182356
610 20 - SUBJECT ADDED ENTRY--CORPORATE NAME
Corporate name or jurisdiction name as entry element Mully Children's Family.
-- 0000182357
650 #0 - SUBJECT ADDED ENTRY--TOPICAL TERM
Topical term or geographic name as entry element Orphans, Services for
Geographic subdivision Kenya.
-- 0000182358
650 #0 - SUBJECT ADDED ENTRY--TOPICAL TERM
Topical term or geographic name as entry element Street children, Services for
Geographic subdivision Kenya.
-- 0000182359
651 #0 - SUBJECT ADDED ENTRY--GEOGRAPHIC NAME
Geographic name Kenya
General subdivision Biography.
-- 0000182360
908 ## - PUT COMMAND PARAMETER (RLIN)
Put command parameter 120523
950 ## - LOCAL HOLDINGS (RLIN)
-- 1
Holdings
Withdrawn status Lost status Source of classification or shelving scheme Not for loan Home library Current library Date acquired Total Checkouts Total Renewals Full call number Barcode Date last seen Date last checked out Price effective from Koha item type
    Library of Congress Classification   Kabarak, Main Campus Kabarak, Main Campus 17/12/2015 12 3 HV28 .M85B64 2005 c. 1 013084 21/06/2022 06/06/2022 17/12/2015 Africana Collection
Designed with assistance from East African Informatics Ltd